Capítulo 18. La reforma democrática del Estado /

Сохранить в:
Библиографические подробности
Главный автор: Alonso, Jorge
Другие авторы: coord. Olvera, Alberto J. coord
Формат: Текст
Язык:Spanish
Опубликовано: s.l.: CIESAS. Universidad Veracruzana
Предметы:
Метки: Добавить метку
Нет меток, Требуется 1-ая метка записи!

MARC

LEADER 00000 a a2200000 04500
001 34791
003 cru IIS
005 20230705100009.0
008 230705b |||||||| |||| 00| 0 spa d
020 |a 970-701-823-2  
040 |c CRAI/IIS 
090 |a 0002 I87d  
100 |a Alonso, Jorge  |9 11528 
245 |a Capítulo 18. La reforma democrática del Estado /  |c Jorge Alonso 
260 |a s.l.:   |b CIESAS. Universidad Veracruzana  
300 |a 491-518 p.  
650 |a SOCIEDAD CIVIL  
650 |a SUPERVISORES  
650 |a POLITICA GUBERNAMENTAL  
650 |a AMERICA LATINA  
700 |a coord.   |a Olvera, Alberto J.   |a coord.  
773 0 |0 16607  |9 9353  |a Isunza Vera, Ernesto   |d México: CIESAS. Universidad Veracruzana 2006  |o 02563  |t Democratización, rendición de cuentas y sociedad civil: participación ciudadana y control social /  |w (cru CIDCACS/IIS)34377  |z 970-701-823-2  
942 |2 ddc  |c LI 
999 |c 16777  |d 16777